Movies Quiz

Random Movies or Role Quiz

Biopic Picture Pairs II Quiz Stats

 Plays Quiz Updated Apr 2, 2013

Challenge
Share
Tweet
Score 0/30 Timer 06:00
0 Plays Today
% Correct
Marilyn Monroe in 'My Week with Marilyn'
97.2%
Muhammad Ali in 'Ali'
95%
Queen Elizabeth II in 'The Queen'
94.5%
Will Smith as
92%
Tom Hanks as
91.3%
Richard Nixon in 'Nixon'
90.6%
Leonardo DiCaprio as
90.5%
Denzel Washington as
89.2%
Charlie Chaplin in 'Chaplin'
89.2%
Malcolm X in 'Malcolm X'
84.7%
Sean Penn as
79.7%
Amelia Earhart in 'Amelia'
79.1%
Al Capone in 'The Untouchables'
76%
Harvey Milk in 'Milk'
74.6%
T.E. Lawrence in 'Lawrence of Arabia'
73.5%
% Correct
Robert De Niro as
71%
Helen Mirren as
67.7%
Anthony Hopkins as
67.6%
Sigourney Weaver as
66.2%
J. Edgar Hoover in 'J. Edgar'
65%
Truman Capote in 'Capote'
64%
Philip Seymour Hoffman as
63.7%
Hilary Swank as
63.4%
Robert Downey, Jr. as
62.6%
Michelle Williams as
51.7%
Peter O'Toole as
45.8%
Bela Lugosi in 'Ed Wood'
37%
Jim Lovell in 'Apollo 13'
31.4%
Dian Fossey in 'Gorillas in the Mist'
20.7%
Martin Landau as
19.5%

You're not logged in!

Compare scores with friends on all Sporcle quizzes.
Join for Free
OR
Log In

You Might Also Like...

Show Comments

Extras

Top Quizzes Today


Score Distribution

Your Account Isn't Verified!

In order to create a playlist on Sporcle, you need to verify the email address you used during registration. Go to your Sporcle Settings to finish the process.

Report this User

Report this user for behavior that violates our Community Guidelines.

Details: